| 000 | 00546cam a22001817a 4500 | ||
|---|---|---|---|
| 999 |
_c475882 _d475882 |
||
| 003 | OSt | ||
| 005 | 20190914055615.0 | ||
| 008 | 180718b1965 xxu||||| |||| 00| 0 eng d | ||
| 082 | _aL2011x54 In2 | ||
| 100 |
_aAvasthi, A. _910323 |
||
| 245 |
_aRevenue inspections at the district level _cBy A. Avasthi |
||
| 260 |
_aDelhi _bIndian Institute of Public Administration _c1965 |
||
| 300 | _a230p. | ||
| 500 | _aRs. 7.50 | ||
| 650 |
_aRevenue - Inspection - India _910324 |
||
| 700 |
_aIndian Institute of Public Administration _910325 |
||
| 942 | _2ddc | ||